000
00307nam a2200109Ia 4500
008
171211s9999 xx 000 0 und d
245
_a
Strokes of Genius: The Best of Drawing
245
_c
Rachel Rubin Wolf
260
_c
2007
650
_x
Drawing
856
_u
http://down.ebook777.com/002/StrokesGenius.pdf
999
_c
348040
_d
348040